| 000 | 01065cab a2200193 4500 | ||
|---|---|---|---|
| 001 | ##ABS68337 | ||
| 008 | 041015n2004 000 0 eng u | ||
| 035 | _a(Sirsi) u127715 | ||
| 041 | 0 | _aeng | |
| 100 | 1 | _aShing, W. | |
| 245 | 0 | 0 |
_aPassing APC written examination _b no panacea but adequate preparation |
| 260 | _c2004 | ||
| 490 | 0 |
_aSurveyors' Times [Hong Kong Institute of Surveyors] _v13(8) August 2004, 24-27(4) |
|
| 520 | _aLooks at the APC examination from the standpoint of Hong Kong. Highlights the requirements according to the "Rules and guides to the assessment of professional competence" published by the Hong Kong Institute of Surveyors. It requires the surveyor candidates to show their competence in carrying out the work of a professionally qualified surveyor on behalf of a client or an employer through APC. Gives general advice and tips on tackling this portion of the APC. | ||
| 590 | _aABS | ||
| 650 | 2 | 4 | _aHONG KONG |
| 690 | _aCAREERS, EDUCATION AND TRAINING-QUALIFICATION ROUTES-ASSESSMENT OF PROFESSIONAL COMPETENCE | ||
| 942 | _n0 | ||
| 999 |
_c74571 _d74571 |
||